000 01237nam a22003617a 4500
003 CHAP
005 20220329141016.0
008 971013s1996 r 00010 d
010 _a61221
011 _a62193
035 _a66367
040 _cCHAP
090 _aTesis
100 0 0 _aSalazar Molina, Víctor Manuel.
_9101408
245 _aEstimación de la oferta y demanda de la manzana en México
260 _aChapingo, Méx. :
_bEl autor,
_c1996
300 _a68 h.
_b; gráfs. ; anexos
502 _aTesis (Lic. en Economía Agrícola) -- UACH. Departamento de Economía Agrícola
590 _aALEPH
_b10
_c20130110
_lUCH01
_h1341
590 _aBATCH-UPD
_b10
_c20130110
_lUCH01
_h0411
590 _aBATCH-UPD
_b10
_c20130410
_lUCH01
_h0046
590 _aBATCH-UPD
_b10
_c20130914
_lUCH01
_h1745
590 _aCONVERSION
_b10
_c20130109
_lUCH01
_h1333
650 1 4 _aManzana
_xAspectos económicos.
_970735
650 1 4 _aManzana
_xMercadeo.
_970786
650 1 4 _aManzana
_xMéxico.
_970787
650 1 4 _aOferta y demanda.
_982790
700 0 _aTomás Valencia, Antonio.
_9113870
901 _aBK
942 _cFOLL
949 _bBC
_cTES
_d-151547
_eTS1
_h29503
_i66367
_si
949 _bBC
_cTES
_d33724000622551
_eTS2
_fc.2
_h29504
_i66367
_si
999 _c61221
_d61221